Khảo sát ảnh hưởng của môi trường dinh dưỡng khoáng và chất điều hoà tăng trưởng thực vật IBA, ba đến khả năng tạo chồi và rễ phong lan Denrobium Anosmum : Tóm tắt Luận văn Thạc sĩ Sinh học /

Saved in:
Bibliographic Details
Main Author: Nguyễn Hữu Lễ.
Other Authors: Nguyễn Văn Vinh, TS (hướng dẫn.)
Format: Thesis
Language:Vietnamese
Published: Đà Lạt : Trường Đại học Đà lạt, 2009.
Subjects:
Tags: Add Tag
No Tags, Be the first to tag this record!
Institutions: Thư viện Trường Đại học Đà Lạt
LEADER 01279nam a2200289 4500
001 DLU100105309
005 ##20100325
040 # # |a DLU  |b vie 
041 # # |a vie 
044 # # |a vn 
082 # # |a 635.934 4  |b NG-L 
100 # # |a Nguyễn Hữu Lễ. 
245 # # |a Khảo sát ảnh hưởng của môi trường dinh dưỡng khoáng và chất điều hoà tăng trưởng thực vật IBA, ba đến khả năng tạo chồi và rễ phong lan Denrobium Anosmum :  |b Tóm tắt Luận văn Thạc sĩ Sinh học /  |c Nguyễn Hữu Lễ; Nguyễn Văn Vinh hướng dẫn. 
260 # # |a Đà Lạt :  |b Trường Đại học Đà lạt,  |c 2009. 
300 # # |a 24 tr. :;  |c 21 cm. 
653 # # |a Kỹ thuật nông nghiệp  |a Sinh lý học thực vật  |a Vi nhân giống  |a Môi trường nuôi cấy  |a Môi trường dinh dưỡng  |a Tạo chồi  |a Tạo rễ  |a Cây hoa lan  |a Phong lan  |a Dendrobium Hancockii 
700 # # |a Nguyễn Văn Vinh,  |c TS,  |e hướng dẫn. 
915 # # |a Sinh học Thực nghiệm  |b 604230  |c Thạc sĩ  |d Trường Đại học Đà lạt  |e Bộ Giáo dục và Đào tạo 
992 # # |a 0 
994 # # |a DLU 
900 # # |a True 
911 # # |a Đào Thị Thu Huyền 
925 # # |a G 
926 # # |a A 
927 # # |a LA 
980 # # |a Thư viện Trường Đại học Đà Lạt